000 00586nam a2200205 i 4500
001 186628
003 SpMaBN
005 20260525062938.0
008 161209s1968 sp |||| | spa d
080 _a1(04)
100 1 _aMarías, Julián,
_d1914-2005
_976688
245 1 3 _aEl oficio del pensamiento /
_cJulián Marías.
260 _aMadrid :
_bEspasa-Calpe,
_c1968.
300 _a227 p. ;
_c18 cm.
490 1 _aColección austral ;
_v1410
650 0 7 _aFilosofía
_2embne
_912802
830 0 _aColección austral
_v1410
_9177655
852 _aES-MaACL
_jL-31017
999 _c186628
_d186628